Музыкально-историческое наследие (Запис № 314006)

МАРК-запис
000 -Лідер
fixed length control field 00805nam a22002417a 4500
001 - Контрольний номер
control field 27656
003 - Ідентифікатор контрольного номера
control field UA-OsUOA
005 - Дата та час останнього входження (трансакції)
control field 20210916113815.0
007 - Фіксоване поле фізичного опису
fixed length control field ta
008 - Елементи даних фіксованої довжини – загальна інформація
fixed length control field 20040909b un ||||| |||| 00| 0 ukr d
040 ## - Джерело каталогізації
Агенція оригінальної каталогізації UA-OsUOA
Мова каталогізації rus
Агенція, яка здійснювала перезапис UA-OsUOA
Агенція, яка здійснювала модифікацію UA-OsUOA
041 ## - Код мови
Код мови тексту/ звукової доріжки чи окремого заголовка (П) rus
044 ## - Код країни видавця/ виробника
Код країни видавця/ виробника (П) RU
080 ## - Індекс Універсальної десяткової класифікації
Індекс Універсальної десяткової класифікації (УДК) (НП) 78(091)
090 ## - Локальний шифр розміщення
Класифікаційний індекс УДК 78(091)
Авторський знак (НП) Р67
100 ## - Основне введення – ім’я особи
Ім’я особи (НП) Роллан Р.
245 ## - Відомості про назву
Назва (НП) Музыкально-историческое наследие
Решта назви (НП) в 8-ми вып.
Дані про відповідальність (НП) Р. Роллан ; пер. с франц. Ю. Вейсберг, Е. Кунина, И. Кунин
Номер частини/ розділу роботи (П) Вып. 4
Назва частини/ розділу роботи Музыканты наших дней: Стендаль и музыка
260 ## - Публікація, розповсюдження і т.п. (Вихідні дані)
Місце публікації, розповсюдження і т.п. (П) Москва
Ім’я/ наймення видавництва, розповсюджувача і т.п. (П) Музыка
Дата публікації, розповсюдження і т.п. (П) 1989
300 ## - Фізичний опис
Обсяг 256 с.
Інші фізичні характеристики (НП) Ілюстрації
650 #7 - Додаткове предметне введення – тематичний термін
Джерело заголовка чи терміна UDC
942 ## - Додаткові елементи входу (Коха)
Тип елемента Koha Книги
Source of classification or shelving scheme Universal Decimal Classification
955 ## - Код типу видання за змістом
Код типу видання за змістом (НП) інше
Фонди
Стан вилучень Стан втрат Джерело класифікації або схеми стелажів Стан уражень Не для кредиту Постійне місце розташування Поточне розміщення Дата придбання Вартість, звичайна ціна покупки Інвентарний номер Усього замовленно Повний номер виклику Штрих-код Дата останнього перегляду Ціна ефективна від Тип елемента Koha
    Universal Decimal Classification     ЧЗ - Читальна зала ЧЗ - Читальна зала 09/09/2004 5.38 70487   78(091) Р67 70487 25/11/2021 09/09/2004 Книги